000 01285cad a22002415a 4500
001 L159826
008 101209s2017 xxk f 000 0 eng d
035 _a(Sirsi) u159826
041 0 _aeng
050 0 4 _a692.3 $2 18
110 2 _aNBS Services
_990
245 0 0 _aSpecification report 2017
_h[electronic resource]
260 _a[S.l.]
_bNBS
_c2017
505 2 _aIntroduction -- Why specifications are still important -- The alternative to last-minute specification writing -- Specification survey: summary of findings -- View from the industry -- Meet the team writing NBS -- The legalities behind specifications
520 _aHighlights the importance of specifications and detailed construction information with the rise of BIM and the technological transformation of the design process. Brings the results of the specification survey 2017.
590 _aKA NTK
650 2 4 _aSPECIFICATION
651 4 _aUnited Kingdom
_y
710 1 _aRoyal Institute of British Architects
_92527
856 4 0 _uhttps://www.thenbs.com/knowledge/nbs-specification-report-2017
_zView the report free of charge at www.thenbs.com
856 4 0 _uhttps://www.thenbs.com/-/media/uk/files/pdf/nbs-specification-report-2017.pdf'?la=en
_zView the item free of charge at www.thenbs.com
942 _n0
999 _c116130
_d116130